000 00329nam a2200133Ia 4500
008 100328s9999 xx 000 0 und d
082 _b45906
100 _aजोशी शशिकांत
245 _aसंकेत
260 _bवंदन
630 _aसंकेत
730 _aसंकेत
942 _cBOOK
999 _c533962
_d533959